The Oracle Designer/2000 handbook
Αποθηκεύτηκε σε:
| Κύριος συγγραφέας: | |
|---|---|
| Άλλοι συγγραφείς: | |
| Μορφή: | Βιβλίο |
| Γλώσσα: | English |
| Δημοσίευση: |
Reading, Mass. :
Addison-Wesley,
c1998
|
| Θέματα: | |
| Ετικέτες: |
Προσθήκη ετικέτας
Δεν υπάρχουν, Καταχωρήστε ετικέτα πρώτοι!
|
MARC
| LEADER | 00000nam a2200000 i 4500 | ||
|---|---|---|---|
| 001 | 1/94775 | ||
| 008 | 991211s1997 eng d | ||
| 020 | |a 0201634457 | ||
| 035 | |l 10054981 | ||
| 040 | |a GR-MY-UA |b gre |e aacr | ||
| 041 | 0 | |a eng | |
| 082 | 0 | |a 005.758 | |
| 100 | 1 | |a Anderson, Carrie |d 1962- | |
| 245 | 1 | 4 | |a The Oracle Designer/2000 handbook / |c Carrie Anderson, David Wendelken |
| 260 | |a Reading, Mass. : |b Addison-Wesley, |c c1998 | ||
| 300 | |a xviii, 606 p.; |b ill.; |c 24 cm. | ||
| 504 | |a Includes bibliographical references and index | ||
| 630 | 0 | 0 | |a Designer/2000. |
| 650 | 0 | 0 | |a Software engineering. |
| 700 | 1 | |a Wendelken, David. | |
| 852 | |a INST |b SAMOS |e 19991211 |h 005.758 AND |p 005300016523 |q 005300016523 |t BK |y 0 | ||
| 901 | |a BIBL3-1999-3 | ||
| 909 | |a Σ |b 069849 | ||
| 922 | |a 3ΕΛΗ |b 199911 |c ΤΠΕΣ |d ΠΑΠΑΣΩΤΗΡΙΟΥ | ||
| 970 | |a ΓΕΝΟΥΖΟΥ |b ΧΡΥΣΑΝΘΗ |z 1999/12/11 | ||